Elements of Analog Electronics (Record no. 490584)

000 -LEADER
fixed length control field 00315nam a22001337a 4500
020 ## - INTERNATIONAL STANDARD BOOK NUMBER
International Standard Book Number 9789350140499
082 ## - DEWEY DECIMAL CLASSIFICATION NUMBER
Classification number 621.3815 GUP
100 ## - MAIN ENTRY--PERSONAL NAME
Personal name Gupta , J.B.
245 ## - TITLE STATEMENT
Title Elements of Analog Electronics
260 ## - PUBLICATION, DISTRIBUTION, ETC.
Place of publication, distribution, etc. New Delhi
Name of publisher, distributor, etc. S.K Kataria & sons
Date of publication, distribution, etc. 2010
300 ## - PHYSICAL DESCRIPTION
Extent 460 p.
700 ## - ADDED ENTRY--PERSONAL NAME
Personal name J.B.Gupta
942 ## - ADDED ENTRY ELEMENTS (KOHA)
Koha item type Book
Holdings
Withdrawn status Lost status Damaged status Not for loan Collection code Permanent Location Current Location Shelving location Date acquired Source of acquisition Cost, normal purchase price Total Checkouts Full call number Barcode Date last seen Price effective from Koha item type
          Central Library (CL) Central Library (CL) General Stacks 01/02/2017 Allied Book Company 398.56   621.381 GUP SEECS013601 01/02/2017 09/26/2018 Book
© 2023 Central Library, National University of Sciences and Technology. All Rights Reserved.